AutoCAD 2008 для студентов: [экспресс-курс]

Bibliografiske detaljer
Hovedforfatter: Климачева Т. Н. Татьяна Николаевна
Summary:Данная книга представляет собой экспресс-курс по использованию системы автоматизированного проектирования (САПР) AutoCAD 2008. Материал книги рассчитан на освоение в течение одной недели. Наличие твердых навыков владения ПК, а также базового инженерного образования в подавляющем большинстве случаев позволяет еще в большей степени сократить срок освоения программы с помощью данной книги. В книге рассмотрен минимально необходимый набор инструментов, позволяющий быстро создать чертеж средней сложности на уровне курсвого или дипломного проекта, что делает книгу отличным пособием для студентов, а также для тех, кто желает быстро освоить базовые принципы работы в AutoCAD. Дополнительный материал к книге можно найти на Webcame автора по адресу www.klimacheva.com <http://www.klimacheva.com>. Книга посвящена англоязычной версии AutoCAD 2008. Однако пользователи официальной русской версии также смогут применять ее для обучения, поскольку все английские команды, названия инструментов и элементов интерфейса в книге продублированы названиями из русской версии программы.
Sprog:russisk
Udgivet: Москва, ДМК Пресс, 2008
Serier:Проектирование
Fag:
Format: MixedMaterials Bog
KOHA link:https://koha.lib.tpu.ru/cgi-bin/koha/opac-detail.pl?biblionumber=143801

MARC

LEADER 00000nam0a2200000 4500
001 143801
005 20231101221043.0
010 |a 9785940744214  |b 3000 экз. 
021 |a RU  |b 08-27469  |9 08-1521 
035 |a (RuTPU)RU\TPU\book\155836 
090 |a 143801 
100 |a 20080513d2008 m y0rusy5002 ca 
101 0 |a rus 
102 |a RU 
105 |a a j 000zy 
200 1 |a AutoCAD 2008 для студентов  |e [экспресс-курс]  |f Климачева Т. Н. 
210 |a Москва  |c ДМК Пресс  |d 2008 
215 |a 368 с.  |c ил. 
225 1 |a Проектирование 
330 |a Данная книга представляет собой экспресс-курс по использованию системы автоматизированного проектирования (САПР) AutoCAD 2008. Материал книги рассчитан на освоение в течение одной недели. Наличие твердых навыков владения ПК, а также базового инженерного образования в подавляющем большинстве случаев позволяет еще в большей степени сократить срок освоения программы с помощью данной книги. В книге рассмотрен минимально необходимый набор инструментов, позволяющий быстро создать чертеж средней сложности на уровне курсвого или дипломного проекта, что делает книгу отличным пособием для студентов, а также для тех, кто желает быстро освоить базовые принципы работы в AutoCAD. Дополнительный материал к книге можно найти на Webcame автора по адресу www.klimacheva.com <http://www.klimacheva.com>. Книга посвящена англоязычной версии AutoCAD 2008. Однако пользователи официальной русской версии также смогут применять ее для обучения, поскольку все английские команды, названия инструментов и элементов интерфейса в книге продублированы названиями из русской версии программы. 
606 0 |a Автоматизированные системы проектирования  |2 RuMRKP 
606 1 |a Автокад  |2 stltpush  |3 (RuTPU)RU\TPU\subj\576  |9 29460 
610 1 |a автоматизированное проектирование 
610 1 |a AutoCAD 2008 
610 1 |a чертежи 
610 1 |a создание 
610 1 |a освоение 
610 1 |a учебные пособия 
610 1 |a экспресс-курс 
675 |a 681.327.1(075.8)  |v 3 
700 1 |a Климачева  |b Т. Н.  |g Татьяна Николаевна 
801 1 |a RU  |b 63413507  |c 20080924  |g PSBO 
801 2 |a RU  |b 63413507  |c 20210204  |g PSBO 
942 |c BK 
959 |a 82/20080924  |d 3  |e 229,00  |f ЧЗТЛ:1  |f АНЛ:2